Functional occlusion in restorative dentistry and prosthodontics / (Record no. 21546)
[ view plain ]
| 000 -LEADER | |
|---|---|
| fixed length control field | 00966cam a22002775a 4500 |
| 001 - CONTROL NUMBER | |
| control field | 017104239 |
| 003 - CONTROL NUMBER IDENTIFIER | |
| control field | OSt |
| 005 - DATE AND TIME OF LATEST TRANSACTION | |
| control field | 20160511145736.0 |
| 008 - FIXED-LENGTH DATA ELEMENTS--GENERAL INFORMATION | |
| fixed length control field | 150129t2016 moua frb 001 0 eng d |
| 020 ## - INTERNATIONAL STANDARD BOOK NUMBER | |
| International Standard Book Number | 9780723438090 (hbk.) |
| 040 ## - CATALOGING SOURCE | |
| Original cataloging agency | StDuBDS |
| Language of cataloging | eng |
| Transcribing agency | StDuBDS |
| Modifying agency | EG-ScBUE |
| 082 04 - DEWEY DECIMAL CLASSIFICATION NUMBER | |
| Classification number | 617.69 |
| Edition number | 22 |
| Item number | FUN |
| 245 00 - TITLE STATEMENT | |
| Title | Functional occlusion in restorative dentistry and prosthodontics / |
| Statement of responsibility, etc | edited by Iven Klineberg, Steven Eckert ; foreword by George Zarb. |
| 260 ## - PUBLICATION, DISTRIBUTION, ETC. (IMPRINT) | |
| Place of publication, distribution, etc | Missouri : |
| Name of publisher, distributor, etc | Elsevier / Mosby, |
| Date of publication, distribution, etc | c.2016. |
| 300 ## - PHYSICAL DESCRIPTION | |
| Extent | xi, 270 p. : |
| Other physical details | ill. ; |
| Dimensions | 25 cm. |
| 500 ## - GENERAL NOTE | |
| General note | Index : p. 263-270. |
| 504 ## - BIBLIOGRAPHY, ETC. NOTE | |
| Bibliography, etc | Includes bibliographical references. |
| 650 #7 - SUBJECT ADDED ENTRY--TOPICAL TERM | |
| Topical term or geographic name as entry element | Occlusion (Dentistry) |
| Source of heading or term | BUEsh |
| 9 (RLIN) | 30237 |
| 650 #7 - SUBJECT ADDED ENTRY--TOPICAL TERM | |
| Topical term or geographic name as entry element | Prosthodontics |
| Source of heading or term | BUEsh |
| 651 ## - SUBJECT ADDED ENTRY--GEOGRAPHIC NAME | |
| Source of heading or term | BUEsh |
| 653 ## - INDEX TERM--UNCONTROLLED | |
| Resource For college | |
| Arrived date list | March2016 |
| -- | May2016 |
| 700 1# - ADDED ENTRY--PERSONAL NAME | |
| Personal name | Eckert, Steven E., |
| Relator term | editor. |
| 9 (RLIN) | 32438 |
| 700 1# - ADDED ENTRY--PERSONAL NAME | |
| Personal name | Klineberg, Iven, |
| Relator term | editor. |
| 700 1# - ADDED ENTRY--PERSONAL NAME | |
| Personal name | Zarb, George, |
| Relator term | author of introduction, etc. |
| 9 (RLIN) | 32436 |
| 942 ## - ADDED ENTRY ELEMENTS (KOHA) | |
| Source of classification or shelving scheme | Dewey Decimal Classification |
| Withdrawn status | Item status | Source of classification or shelving scheme | Damaged status | Not for loan | Vendor | Home library | Current library | Shelving location | Date acquired | Source of acquisition | Cost, normal purchase price | Total Checkouts | Total Renewals | Full call number | Barcode | Date last seen | Date last borrowed | Cost, replacement price | Koha item type |
|---|---|---|---|---|---|---|---|---|---|---|---|---|---|---|---|---|---|---|---|
| Dewey Decimal Classification | Alahram | Central Library | Central Library | First floor | 29/03/2016 | Purchase | 985.00 | 1 | 6 | 617.69 FUN | 000032231 | 15/07/2025 | 26/10/2019 | 1231.25 | Book - Borrowing | ||||
| Dewey Decimal Classification | Alahram | Central Library | Central Library | First floor | 11/05/2016 | Purchase | 985.00 | 1 | 3 | 617.69 FUN | 000032468 | 15/07/2025 | 24/02/2019 | 1231.25 | Book - Borrowing | ||||
| Dewey Decimal Classification | Alahram | Central Library | Central Library | First floor | 11/05/2016 | Purchase | 985.00 | 617.69 FUN | 000032473 | 15/07/2025 | 1231.25 | Book - Borrowing |